Analýza a hodnotenia úspechu vybraného podniku na trhu bakalárska práca

Na minha lista:
Detalhes bibliográficos
Autor principal: Benčurik, Peter
Autor Corporativo: Fakulta podnikového manažmentu EU. Katedra podnikovohospodárska
Outros Autores: Uhliar, Miroslav, 1981-
Formato: Livro
Idioma:eslovaco
Publicado em: Bratislava 2011
Tags: Adicionar Tag
Sem tags, seja o primeiro a adicionar uma tag!

MARC

LEADER 00000nbm a2200000 4500
001 0131236
005 20170120133531.8
041 0 |a slo 
044 |a SK 
245 1 0 |a Analýza a hodnotenia úspechu vybraného podniku na trhu  |b bakalárska práca  |c Peter Benčurik ; školiteľ: Miroslav Uhliar 
264 1 |a Bratislava  |c 2011 
300 |a 55 s. 
100 1 |a Benčurik, Peter 
700 1 |a Uhliar, Miroslav, 1981- 
710 2 |a Fakulta podnikového manažmentu EU. Katedra podnikovohospodárska